| 000 | 00829nam a22002177a 4500 | ||
|---|---|---|---|
| 999 |
_c11798 _d11798 |
||
| 003 | AR-CdUCM | ||
| 008 | 190405b ||||| |||| 00| 0 spa d | ||
| 040 |
_aMUNICIPALIDAD PROVINCIAL DEL CUSCO _cBIBLIOTECA MUNICIPAL DEL CUSCO |
||
| 082 |
_a635 / _bC26 / 1933 |
||
| 100 |
_aCarmona Blanco, Julio _929343 |
||
| 245 |
_aEl jardín y al huerta : _bTratado practico de jardinería, Horticultura, arboricultura frutal, forrajes, etc. / |
||
| 260 |
_aChile : _bCultura, _c1933. |
||
| 300 |
_a70 páginas ; _c18 cm. |
||
| 440 |
_aPequeña enciclopédica práctica _n10 _929344 |
||
| 505 | _aContenido: La huerta -- EL jardín y su cultivo -- Arboricultura -- Forrajes. | ||
| 650 |
_aCultivo de plantas _929345 |
||
| 650 |
_aHuerta _922389 |
||
| 650 |
_aCultivo de plantas _929345 |
||
| 942 |
_2ddc _cLIBROS |
||
| 945 |
_adavv _d05/04/2019 |
||